Les planètes des films et séries Star Wars - Statistiques

Statistiques générales
  • Ce quiz a été pris 37 fois
  • Le résultat moyen est 21 sur 222
Statistiques - réponses
Réponse % Correct
Naboo
93%
Tatooine
85%
Coruscant
78%
Hoth
70%
Mustafar
63%
Jakku
59%
Alderaan / Alderande
52%
Geonosis
52%
Kamino
52%
Mandalore
52%
Bespin
48%
Exegol
44%
Felucia
44%
Scarif
44%
Ilum / Starkiller Base
41%
Utapau
41%
Corellia
37%
Jedha
37%
Kashyyyk
37%
Dathomir
33%
Christophsis
30%
Crait
30%
Dagobah
30%
Kessel
30%
Lothal
30%
Ryloth
30%
Dantooine
26%
Mon Cala
26%
Ahch-To
22%
Korriban
22%
Mygeeto
22%
Nal Hutta
22%
Chandrila
19%
D'Qar
19%
Eadu
19%
Ferrix
19%
Umbara
19%
Aldhani
15%
Atollon
15%
Cantonica
15%
Ghorman
15%
Saleucami
15%
Sullust
15%
Takodana
15%
Ajan Kloss
11%
Cato Neimoidia
11%
Hosnian Prime
11%
Kijimi
11%
Malachor
11%
Malastare
11%
Mimban
11%
Onderon
11%
Rodia
11%
Serenno
11%
Toydaria
11%
Wobani
11%
Abafar
7%
Agamar
7%
Aleen
7%
Anaxes
7%
Anneau de Kafrene
7%
At Attin
7%
Garel
7%
Jabiim
7%
Mortis
7%
Nur
7%
Ord Mantell
7%
Pantora
7%
Pasaana
7%
Peridea
7%
Polis Massa
7%
Rattatak
7%
Shili
7%
Teth
7%
Adelphi
4%
At Achrann
4%
Balmorra
4%
Barton IV
4%
Bora Vio
4%
Bracca
4%
Brendok
4%
Carlac
4%
Castilon
4%
Concord Dawn
4%
Concordia
4%
Corvus
4%
Daiyu
4%
Daro
4%
Desix
4%
Devaron
4%
Duro
4%
Endor (lune)
4%
Florrum
4%
Glee Anselm
4%
Ibaar
4%
Iego
4%
Ipsidon
4%
Jalindi
4%
Kadavo
4%
Kalevala
4%
Kaller
4%
Kef Bir
4%
Kenari
4%
Lah'Mu
4%
Lira San
4%
Lola Seyu
4%
Lotho Minor
4%
Mapuzo
4%
Maridun
4%
Morak
4%
Narkina 5
4%
Nevarro
4%
Niamos
4%
Numidian Prime
4%
Oba Diah
4%
Orto Plutonia
4%
Patitite Pattuna
4%
Quarzite
4%
Raxus
4%
Ringo Vinda
4%
Savareen
4%
Scipio
4%
Seatos
4%
Shantipole
4%
Silla
4%
Skako Minor
4%
Sorgan
4%
Stygeon Prime
4%
Trandosha
4%
Tython
4%
Vandor
4%
Vanqor
4%
Wasskah
4%
Wayland
4%
Yarma
4%
Yerbana
4%
Zygerria
4%
73
0%
Aeos Prime
0%
Aq Vetina
0%
Arcana
0%
Arvala-7
0%
Ashas Ree
0%
Aynaboni
0%
Bahryn
0%
Balnab
0%
Bardotta
0%
Bothawui Prime
0%
Caraad
0%
Cardovyte
0%
Carida
0%
Cassaro
0%
Celsor 3
0%
Chandel
0%
Domir
0%
Drahgor III
0%
Erebus
0%
Eriadu
0%
Faille de Maltheen
0%
Frezno
0%
Glacier de Sinta
0%
Glavis (monde anneau)
0%
Hypori
0%
Idaflor
0%
Ivexia
0%
Jestefad
0%
Karthon (lune)
0%
Khofar
0%
Killun 71
0%
Kiros
0%
Krownest
0%
Lafete
0%
Lanupa
0%
Lau
0%
Leesis
0%
Maldo Kreis
0%
Mina-Ray
0%
Montross
0%
Moraband (Korriban)
0%
Morlana 1
0%
Muunilinst
0%
Mykapo
0%
Najra-Va
0%
Naraka
0%
Nelvaan
0%
Niful
0%
Nixus
0%
Olega
0%
Oosalon
0%
Ordo (lune)
0%
Orondia
0%
Ossus
0%
Pagodon
0%
Plazir-15
0%
Quell
0%
Raada
0%
Raxus Secundus
0%
Raydonia
0%
Rishi (lune)
0%
Rugosa (lune)
0%
Ruusan (lune)
0%
Seelos
0%
Segra Milo
0%
Setron
0%
Skara Nal
0%
Source de la Vie
0%
Steergard
0%
Stobar
0%
Suria
0%
Takobo
0%
Trask (lune)
0%
Trohlu
0%
Ueda
0%
Varkana
0%
Vassek 3
0%
Veelo
0%
Wayyl
0%
Wynkahthu
0%
Yarbana
0%
Yavin 4 (lune)
0%
Zanbar
0%
Zardossa Stix
0%
Aucun quiz correspondant
Distribution des résultats
% des personnes avec chaque résultat
Percentile par nombre de réponses
Votre historique - résultats
Vous n’avez pas pris ce quiz